| 000 | 00617nam a2200205 a 4500 | ||
|---|---|---|---|
| 005 | 20230202063655.0 | ||
| 008 | 991125s2001 mx 000 0 spa u | ||
| 020 | _a8439708009 | ||
| 035 | _aUPN01000145942 | ||
| 049 | _aCG | ||
| 050 | 4 |
_aBF632 _bR8.6 |
|
| 100 | 1 | _aRuiz Coloma, Cristina | |
| 245 | 1 | 0 |
_aNo dejes para maƱana lo que puedas hacer hoy : _baprenda a hacer las cosas ahora / _cCristina Ruiz Coloma. |
| 260 |
_aBarcelona, Esp. : _bGrijalbo Mondadori, _cc2001. |
||
| 300 | _a195 p. | ||
| 440 | 0 | _aAutoconocimiento | |
| 650 | 4 |
_aAutocontrol _92903 |
|
| 650 | 2 |
_aAutopercepción _93822 |
|
| 905 | _aLibro | ||
| 999 |
_c118088 _d118088 |
||